Gaming Quiz

Random Gaming or Pokémon Quiz
Score 0/32 Timer 05:00
0 Plays Today
Pokédex # Pokémon Name % Correct
106Hitmonlee
97%
107Hitmonchan
97%
228Houndour
96%
229Houndoom
96%
093Haunter
93.9%
237Hitmontop
93.9%
297Hariyama
93.9%
163Hoothoot
90.9%
250Ho-Oh
90.9%
430Honchkrow
90.9%
695Heliolisk
90.9%
214Heracross
89.9%
694Helioptile
88.9%
858Hatterene
87.5%
485Heatran
86.9%
635Hydreigon
86.9%
Pokédex # Pokémon Name % Correct
097Hypno
85.9%
116Horsea
84.8%
187Hoppip
84.8%
720Hoopa
84.8%
612Haxorus
83.8%
679Honedge
82.8%
701Hawlucha
82.8%
856Hatenna
81.3%
367Huntail
80.8%
440Happiny
79.8%
450Hippowdon
79.8%
449Hippopotas
78.8%
507Herdier
77.8%
631Heatmor
77.8%
783Hakamo-o
75.8%
857Hattrem
75%
Remove Ads.
Support Sporcle.
Get the best of Sporcle when you Go Orange. This ad-free experience offers more features, more stats, and more fun while also helping to support Sporcle. Thank you for becoming a member.

You're not logged in!

Compare scores with friends on all Sporcle quizzes.
OR
Log In

Show Comments

Extras

Created Dec 18, 2018ReportNominate
Tags:Pokémon Quiz, All Pokémon

Top Quizzes Today


Score Distribution

Your Account Isn't Verified!

In order to create a playlist on Sporcle, you need to verify the email address you used during registration. Go to your Sporcle Settings to finish the process.

Report this User

Report this user for behavior that violates our Community Guidelines.

Details: